La teoría de la argumentación: un trabajo sobre el pensamiento de Chaim Perelman y Lucie Olbrechts-Tyteca

Na minha lista:
Detalhes bibliográficos
Autor principal: Monsalve, Alfonso (autor)
Formato: Livro
Idioma:espanhol
Publicado em: Medellín Universidad de Antioquia 1992
coleção:Otraparte. Colección de Ensayo
Assuntos:
Tags: Adicionar Tag
Sem tags, seja o primeiro a adicionar uma tag!

MARC

LEADER 00000nam a2200000 a 4500
001 UCZ2074
003 CL-VaPUC
008 950925e19920000CK |||||||||||||||||spa|d
082 0 4 |a 340.1  |b MON  |2 21 
100 |a Monsalve, Alfonso  |e autor  |9 345881 
245 1 3 |a La teoría de la argumentación: un trabajo sobre el pensamiento de Chaim Perelman y Lucie Olbrechts-Tyteca 
300 |a 327 p 
942 |c BK 
945 |d 19950925 00:00:00  |a awong 
260 |a Medellín  |b Universidad de Antioquia  |c 1992 
650 0 |a Lógica jurídica   |9 255966 
650 0 |a Teoría del derecho  |9 255982 
650 0 |a Retórica   |9 266620 
583 |a last modification  |c 20170612 12:53:35  |k Rodrigo Vera 
490 0 |a Otraparte. Colección de Ensayo 
999 |c 238726  |d 238724 
952 |0 0  |1 0  |4 0  |6 340_100000000000000_MON_1992  |7 0  |8 DER_TF  |9 249148  |a BIBDER  |b BIBDER  |d 2019-11-18  |i 3134091  |o 340.1 MON 1992  |p 3134091  |r 2023-01-25  |w 2019-11-18  |x Ubicación 4to Piso  |y BK  |z Estos recursos deben solicitarse con anticipación  |k DER